Эволюция изверженных пород: развитие идей за 50 лет; пер. с англ.

Bibliografiske detaljer
Andre forfattere: Йодер Х. Хаттен С. (редактор)
Sprog:russisk
Udgivet: Москва, Мир, 1983
Fag:
Format: MixedMaterials Bog
KOHA link:https://koha.lib.tpu.ru/cgi-bin/koha/opac-detail.pl?biblionumber=121728

MARC

LEADER 00000nam0a2200000 4500
001 121728
005 20231031125513.0
035 |a (RuTPU)RU\TPU\book\131826 
090 |a 121728 
100 |a 20070920d1983 k y0rusy50 ca 
101 1 |a rus  |c eng 
102 |a RU 
105 |a a z 001zy 
200 1 |a Эволюция изверженных пород  |e развитие идей за 50 лет  |e пер. с англ.  |f под ред. Х. Йодера 
210 |a Москва  |c Мир  |d 1983 
215 |a 528 с.  |c ил. 
320 |a Библиогр. в конце гл. 
320 |a Предм.-имен. указ.: с. 516-526. 
610 1 |a горные породы 
610 1 |a изверженные породы 
610 1 |a магма 
610 1 |a щелочные породы 
610 1 |a петрогенезис 
675 |a 552.3  |v 3 
702 1 |a Йодер  |b Х.  |g Хаттен С.  |4 340 
801 1 |a RU  |b 63413507  |c 20070920  |g PSBO 
801 2 |a RU  |b 63413507  |c 20080520  |g PSBO 
942 |c BK